| 000 | 00387nam a2200133Ia 4500 | ||
|---|---|---|---|
| 008 | 230511s1966 xx 000 0 und d | ||
| 041 | _aeng | ||
| 082 | _a348.041 | ||
| 100 | _aChitaley S W | ||
| 245 | _aAll India Reporter 1966 Assam,Bombay All India Reporter 1957 All India Reporter 1957 | ||
| 260 |
_aNagpur _bAll India Reporter _c1966 |
||
| 300 | _a640 | ||
| 906 | _aHigh Court Cases | ||
| 999 |
_c350131 _d350131 |
||